Género y discriminación /
Guardado en:
| Autor Principal: | |
|---|---|
| Formato: | Libro |
| Publicado: |
Buenos Aires :
Instituto Nacional contra la Discriminación, la Xenofobia y el Racismo Inadi,
2012
|
| Series: | Documentos Temáticos Inadi
|
| Materias: | |
| Etiquetas: |
Agregar Etiqueta
Sin Etiquetas, Sea el primero en etiquetar este registro!
|
| LEADER | 00668nam a22001935a 4500 | ||
|---|---|---|---|
| 001 | CEM.cems014498 | ||
| 008 | 130507s2012##################000#0#####d | ||
| 005 | 20240417185607.0 | ||
| 245 | 1 | 0 | |a Género y discriminación / |c Pedro Mouratian |
| 260 | |a Buenos Aires : |b Instituto Nacional contra la Discriminación, la Xenofobia y el Racismo Inadi, |c 2012 | ||
| 300 | |a 51 p. | ||
| 490 | 0 | |a Documentos Temáticos Inadi | |
| 020 | |a 9789871629169 | ||
| 100 | 1 | |a Mouratian, Pedro | |
| 082 | 0 | 4 | |a F323.4 |
| 653 | |a Discriminación | ||
| 653 | |a Género | ||
| 859 | |a CEMS |b BIB. CEMS - 11 de abril |h F323.4 |i 10 |p 2816.44 |t Ej.1 | ||
| 859 | |a CEMS |b BIB. CEMS - 11 de abril |h F323.4 |i 10 |p 29540.23 |t Ej.2 | ||
